| 000 | 00914nam a2200193Ia 4500 | ||
|---|---|---|---|
| 003 | OSt | ||
| 005 | 20251124170315.0 | ||
| 008 | 210518s2008 xx 000 0 und d | ||
| 040 | _cnls | ||
| 100 | _aSarasu Esther Thomas | ||
| 245 | _aLaw and Policy Relating to Sex Selection | ||
| 260 |
_aBangalore _bNLSIU _c2008 |
||
| 300 | _a204p | ||
| 505 | _aTABLE OF CONTENTS Introduction & Methodology; The Preconception & Prenatal Diagnostic Techniques Act; Population; Infanticide; Abortion & Sex Selection; New Reproductive Technologies and Sex Selection; Sex Selective Abortion and Violence Against Women; Karnataka; Conclusions; Bibliography; Annexures. | ||
| 520 |
_aInfanticide _aPrenatal Diagnostic Techniques _aSex Selective Abortion - Karnataka _aViolance Against Women - Karnataka |
||
| 700 | _aDr. V Nagaraj - Guide | ||
| 856 | _uhttps://dans.nls.ac.in/handle/123456789/347 | ||
| 942 |
_2ddc _cTH |
||
| 999 |
_c111195 _d111195 |
||